000 006090000a22001930004500
003 LK-CoMWRAF
005 20231225162537.0
008 230817t1985 ||||| |||| 00| 0 eng d
040 _aLK-CoMWRAF
_dLK-CoMWRAF
_eLK-CoMWRAF
041 _aeng
082 _a320.954
_bINT
245 _aInter-racial equity and national unity in Sri Lanka
260 _aColombo:
_bMarga,
_c1985
300 _a ii, 66 p. ; 22 cm
650 _aSri Lanka- Politics and government
650 _aTamil (Indic people)- Sri Lanka- Politics and government
856 _uhttps://noolaham.net/project/576/57524/57524.pdf
942 _cBK
999 _c2526
_d2526